Stephens v Anglian Water Authority (Record no. 6573)
[ view plain ]
| 000 -LEADER | |
|---|---|
| fixed length control field | 01475cab a2200205 4500 |
| 001 - CONTROL NUMBER | |
| control field | ABS38418 |
| 008 - FIXED-LENGTH DATA ELEMENTS--GENERAL INFORMATION | |
| fixed length control field | 090401t1987 xxu||||| |||| 00| 0 eng d |
| 035 ## - SYSTEM CONTROL NUMBER | |
| System control number | (Sirsi) u10424 |
| 041 ## - LANGUAGE CODE | |
| Language code of text/sound track or separate title | eng |
| 245 ## - TITLE STATEMENT | |
| Title | Stephens v Anglian Water Authority |
| 260 ## - PUBLICATION, DISTRIBUTION, ETC. | |
| Date of publication, distribution, etc. | 1987 |
| 350 ## - PRICE (NR) (BK AM CF MU VM SE) [OBSOLETE] | |
| Price | 0 |
| 490 ## - SERIES STATEMENT | |
| Series statement | Weekly Law Reports |
| Volume/sequential designation | (1987) 1 WLR 1381-1387(7) |
| 520 ## - SUMMARY, ETC. | |
| Summary, etc. | CA 17 July 1987. Appeal by owner of cottage (S) against previous decision striking out her claim for damages against the defendant water authority (A) for negligence . A had extracted such quantities of water from underground reserves that part of S`s land collapsed. S alleged that A had been negligent in extracting water despite warnings that damage would result. At issue was whether A was entitled to extract underground water flowing through undefined channels, even if this caused damage to the land above. A number of authorities were considered and S sought to distinguish the decision in The Mayor and Corporation of Bradford v Pickles , (1895) AC 587, on two grounds : 1) In Bradford v Pickles HL had been concerned with the rights of the plaintiff, not with the duties of the defendant. CA did not accept that argument, pointing out that it was a necessary implication in Bradford v Pickles that HL, in referring to the rights of the defendant, must have negated any duty owed to the pl |
| 650 ## - SUBJECT ADDED ENTRY--TOPICAL TERM | |
| Topical term or geographic name entry element | DUTY OF CARE |
| 650 ## - SUBJECT ADDED ENTRY--TOPICAL TERM | |
| Topical term or geographic name entry element | LIABILITY |
| 690 ## - LOCAL SUBJECT ADDED ENTRY--TOPICAL TERM (OCLC, RLIN) | |
| Topical term or geographic name as entry element | LAND-CASE LAW |
| 942 ## - ADDED ENTRY ELEMENTS (KOHA) | |
| Suppress in OPAC | 0 |
| 948 ## - LOCAL PROCESSING INFORMATION (OCLC); SERIES PART DESIGNATOR (RLIN) | |
| c (OCLC) | 04/03/1997 |
| Withdrawn status | Lost status | Source of classification or shelving scheme | Damaged status | Not for loan | Home library | Current library | Shelving location | Date acquired | Total Checkouts | Full call number | Barcode | Date last seen | Copy number | Price effective from | Koha item type |
|---|---|---|---|---|---|---|---|---|---|---|---|---|---|---|---|
| Dewey Decimal Classification | London | London | Journal article | 14/09/1999 | ABS38418 | 10424-1001 | 06/08/2019 | 1 | 06/08/2019 | Law report |